| 000 | 00598nmm a2200169Ia 4500 | ||
|---|---|---|---|
| 008 | 251105s9999||||xx |||||||||||||||||und|| | ||
| 020 | _a9789587843200 | ||
| 041 | _aspa | ||
| 100 | _aJiménez Nicholls, María Camila | ||
| 245 | 0 | _aDe trabajadores a proveedores : la responsabilidad social empresarial y la tercerización laboral en los ingenios azucareros | |
| 264 |
_a[Bogotá, Colombia] : _bUniversidad del Rosario, _c2019 |
||
| 300 | _a174 páginas | ||
| 490 | _aÓpera Prima | ||
| 650 | _aEconomics and Business | ||
| 856 | _uhttps://public.digitaliapublishing.com/a/65217 | ||
| 942 | _cCF | ||
| 999 |
_c96402 _d96402 |
||